00333nam a2200121Ia 4500008004100000041001200041082001600053100002500069245006200094260003100156300000800187650001600195221030s9999 xx 000 0 und d aEnglish a105.23bChi aJ. S. Chitode ( PR ) 0aDigital Signal Processing ( PR )cby J. S. Chitode ( PR ) bTechnical Pub.aPunec2002 a551 aBE Computer